الفالوجة ;; Fallujah / (Record no. 79169)
[ view plain ]
| 000 -LEADER | |
|---|---|
| fixed length control field | 01162nam a2200265 a 4500 |
| 001 - CONTROL NUMBER | |
| control field | 79169 |
| 003 - CONTROL NUMBER IDENTIFIER | |
| rucl marc code | BD-RjUL |
| 005 - DATE AND TIME OF LATEST TRANSACTION | |
| control field | 20220112152716.0 |
| 008 - FIXED-LENGTH DATA ELEMENTS--GENERAL INFORMATION | |
| fixed length control field | 220112s1992 le ||||| |||| 00| 0 ara d |
| 035 ## - SYSTEM CONTROL NUMBER | |
| System control number | (BD-RjUL)79169 |
| 040 ## - CATALOGING SOURCE | |
| Original cataloging agency | HAI |
| Language of cataloging | eng |
| Transcribing agency | BD-RjUL |
| 041 0# - LANGUAGE CODE | |
| Language code of text/sound track or separate title | ara |
| 082 ## - DEWEY DECIMAL CLASSIFICATION NUMBER | |
| Edition number | 23 |
| Classification number | 956.94 |
| Author mark and year | KAF 1992 |
| 100 1# - MAIN ENTRY--PERSONAL NAME | |
| Personal name | Kanaana, Sharif ;; كناعنة، شريف |
| 9 (RLIN) | 691 |
| 245 12 - TITLE STATEMENT | |
| Title | الفالوجة ;; Fallujah / |
| Statement of responsibility, etc. | [شريف كناعنة، رشاد المدني].Sherif Kanaana, Rashad Al-Mada |
| 260 ## - PUBLICATION, DISTRIBUTION, ETC. (IMPRINT) | |
| Place of publication, distribution, etc. | بير زيت ;; bir zit : |
| Name of publisher, distributor, etc. | جامعة بير زيت، مركز الوثائق والابحاث ;; jamieat bir zit, markaz alwathayiq walabhathi, |
| Date of publication, distribution, etc. | 1992 |
| 300 ## - PHYSICAL DESCRIPTION | |
| Pagination | 190 ص. : |
| Illustrations | صور ؛ |
| Size | ٢٧ س. |
| 490 1# - SERIES STATEMENT | |
| Series statement | alquraa alfilastiniat almudamirat ; ; ; القرى الفلسطينية المدمرة |
| Volume/sequential designation | ٧ |
| 500 ## - GENERAL NOTE | |
| General note | التفاصيل عن الغلاق |
| 651 #4 - SUBJECT ADDED ENTRY--GEOGRAPHIC NAME | |
| Geographic name | al-Falujah (Israel) |
| 9 (RLIN) | 700 |
| 700 1# - ADDED ENTRY--PERSONAL NAME | |
| Personal name | المدني، رشاد |
| 830 #0 - SERIES ADDED ENTRY--UNIFORM TITLE | |
| Uniform title | القرى الفلسطينية المدمرة |
| Uniform title | alquraa alfilastiniat almudamirat ; ؛;; القرى الفلسطينية المدمرة ؛ |
| Volume number/sequential designation | ٧ [ 7] |
| 942 ## - ADDED ENTRY ELEMENTS (KOHA) | |
| Source of classification or shelving scheme | Dewey Decimal Classification |
| Koha item type | Books |
| Lost status | Source of classification or shelving scheme | Damaged status | Not for loan | Collection code | Permanent Location | Current Location | Shelving location | Date acquired | Source of acquisition | Total Checkouts | Full call number | Date last seen | Copy number | Koha item type |
|---|---|---|---|---|---|---|---|---|---|---|---|---|---|---|
| Dewey Decimal Classification | Not For Loan | Non-fiction | Central Library, University of Rajshahi | Central Library, University of Rajshahi | Reading Room | 29/08/1996 | V.C. Office Rajshahi university | A 956.94 KAF 1992 | 12/01/2022 | C-1 | Books |